Governorates of Congress Poland in 1867 on a Map - Statistics

General Stats
  • This quiz has been taken 63 times
  • The average score is 6 of 10
Answers on the Map
Answers color-coded by a green-red scale on the quiz's map according to % correct below.
 
Answer Stats
Answer % Correct
Warsaw
100%
Lublin
93%
Płock
59%
Radom
59%
Suwalki
56%
Kielce
54%
Siedlce
44%
Kalisz
41%
Łomża
41%
Piotrków
32%
No matching quizzes found
Score Distribution
Percent of People with Each Score
Percentile by Number Answered
Your Score History
You have not taken this quiz